Baranauskas, Tomas. Lietuvos valstybės ištakos. - Vilnius : Vaga. - 2000 [Rezension]
| Titel: | Baranauskas, Tomas. Lietuvos valstybės ištakos. - Vilnius : Vaga. - 2000 [Rezension] |
|---|---|
| Verfasser: | |
| In: |
Lituanistica, Heft 3 (2001), Seite 101-103 alle Artikel anzeigen |
| Veröffentlicht: | 2001 |
| Format: | Aufsatz |
| Sprache: | Litauisch |
X
alg: 39480794 001A $01999:12-11-16 001B $01999:03-08-21 $t21:02:59.000 001D $01999:12-11-16 001U $0utf8 001X $00 002@ $0Aox 003@ $0394807944 007A $0394807944 $aHEB 007T $0Herdc0071196v 010@ $alit 011@ $a2001 021A $aBaranauskas, Tomas. Lietuvos valstybės ištakos. - Vilnius : Vaga. - 2000 [Rezension] 028A $aKulikauskienė $dR. 031A $e3 $h101-103 $j2001 039B $aIn $8--Abvc--. Lituanistica. - Vilnius : Academia, 1990-. - ISSN 0235-716X $x200100000000003899 $904857693X 039T $8--Aau--Baranauskas, Tomas [Tnx]. Lietuvos valstybės ištakos. - Vilnius : Vaga, 2000. - 317 S.. - Ill., graph. Darst., Kt. $9094705674 045F $a900.94793 $eDDC23BSB 045F/01 $a900 045F/03 $g4793 045T $a7,44 lok: 39480794 78 exp: 39480794 78 1 #EPN 201B/01 $018-11-16 $t12:47:57.000 201U/01 $0utf8 203@/01 $0791106551 208@/01 $a12-11-16 $be 209A/01 $a/ $f000 $x00 220C/01 $aTitelaufnehmer: it 220C/01 $aHerkunft: LII Vilnius / Irena Tumelytė 244Z/01 $2Trx $#Litauen $#Lithuania $#Litwa $#Litva $#Litva $8--Trx--Lietuva $x01 $9391193457 244Z/01 $2Trx $#arvustused $#recenzijos $#Reviews $#recenziók $#recenzje $#recenzie $#recenze $8--Trx--Rezensionen $x02 $9391357441 247C/01 $82080>Marburg/Lahn, Herder-Institut, Forschungsbibliothek, Bibliographieportal $9336309341
| LEADER | 00000caa a22000002c 4500 | ||
|---|---|---|---|
| 001 | 394807944 | ||
| 003 | DE-603 | ||
| 005 | 20210803210259.0 | ||
| 007 | tu | ||
| 008 | 161112s2001 xx |||| | u00||u|lit c | ||
| 035 | |a (DE-599)HEB394807944 | ||
| 040 | |a DE-603 |b ger |c DE-603 |d DE-603 | ||
| 041 | |a lit | ||
| 082 | 0 | 4 | |8 1\u |a 900.94793 |q DE-101 |2 23/BSB |
| 084 | |a 7,44 |2 ssgn | ||
| 085 | |8 1\u |b 900 | ||
| 085 | |8 1\u |z 2 |s 4793 | ||
| 100 | 1 | |a Kulikauskienė, R. | |
| 245 | 0 | 0 | |a Baranauskas, Tomas. Lietuvos valstybės ištakos. - Vilnius : Vaga. - 2000 [Rezension] |
| 264 | 0 | |c 2001 | |
| 773 | 0 | 8 | |i In |t Lituanistica |d Vilnius : Academia, 1990- |x 0235-716X |g Heft 3 (2001), Seite 101-103 |w (DE-603)04857693X |w (DE-600)1069331-2 |
| 787 | 0 | 8 | |i Rezension von |a Baranauskas, Tomas |t Lietuvos valstybės ištakos |d Vilnius : Vaga, 2000 |h 317 S., Ill., graph. Darst., Kt. |w (DE-603)094705674 |
| 924 | 0 | |9 2080 |a (DE-603)791106551 |b DE-2080 |c HES |d d |g / | |


